Statistieken voor Landen die beginnen met N

Klik hier om de quiz te nemen!

Algemene statistieken

  • Deze quiz is 2.093 keer genomen
    (2.074 sinds de laatste reset)
  • De gemiddelde score is 8 van 11

Antwoordstatistieken

Land% Correct
Nederland
92%
Noorwegen
82%
Namibië
77%
Niger
76%
Nigeria
74%
Nepal
72%
Noord-Korea
69%
Nieuw-Zeeland
68%
Nicaragua
65%
Nauru
53%
Noord-Macedonië
52%

Scoreverdeling

Percentiel versus Aantal Correcte Antwoorden

Procent van Mensen met Elke Score

Uw Scoregeschiedenis

U heeft deze quiz nog niet genomen sinds de laatste reset